Score 0/25 Timer 03:00
12 Plays Today
% Correct
Orange is the
98%
13
97.3%
Stranger
95.8%
House
94.7%
F is for
91.3%
Grace and
90%
Sex
89.2%
Fuller
88.7%
The Haunting
88%
Making
87%
Friends from
85.2%
Iron
84.9%
Black
83.5%
% Correct
Queer
83.1%
The Umbrella
82.8%
BoJack
80.6%
Narcos:
80.5%
Big
79.7%
Unbreakable
79.6%
Russian
79.5%
Tidying Up
79.4%
Peaky
76.2%
Trailer Park
73.3%
The Kominsky
71.3%
Paradise
61.2%
Come Together.
Have Fun.
All Virtual.
We all need to come together. Play Sporcle's virtual live trivia to have fun, connect with people, and get your trivia on. Join a live hosted trivia game for your favorite pub trivia experience done virtually. If a virtual private party is more your thing, go here for details.

You're not logged in!

Compare scores with friends on all Sporcle quizzes.
OR
Log In

Sporcle TV

Today on Sporcle TV


Watch our educational content, quiz creation guides, and fun videos on Sporcle TV.

Show Comments

Extras

Top Quizzes Today


Score Distribution

Paid Content

Your Account Isn't Verified!

In order to create a playlist on Sporcle, you need to verify the email address you used during registration. Go to your Sporcle Settings to finish the process.

Report this User

Report this user for behavior that violates our Community Guidelines.

Details: